[Event "CRO Cup"]
[Site "Rabac"]
[Date "2003.05.30"]
[Round "5"]
[White "Glavas, Dragan"]
[Black "Jukic, Mirko"]
[Result "1/2-1/2"]
[WhiteElo "2221"]
[BlackElo "2460"]
[PlyCount "22"]
[EventDate "2003.05.26"]
[EventType "team-tourn"]
[EventRounds "5"]
[EventCountry "CRO"]
[SourceTitle "CBM 094 Extra"]
[Source "ChessBase"]
[SourceDate "2003.07.09"]
[SourceVersion "2"]
[SourceVersionDate "2003.07.09"]
[SourceQuality "1"]

1. d4 Nf6 2. c4 e6 3. Nc3 Bb4 4. Bg5 h6 5. Bh4 c5 6. dxc5 Bxc5 7. e3 0-0 8. Nf3 b6 9. Be2 Bb7 10. 0-0 Be7 11. Qc2 Na6 1/2-1/2

[Event "CRO-chT"]
[Site "Medulin"]
[Date "1997.??.??"]
[Round "?"]
[White "Jukic, Mirko"]
[Black "Bukal, Vladimir Jr"]
[Result "1-0"]
[WhiteElo "2460"]
[BlackElo "2350"]
[PlyCount "64"]
[EventDate "1997.??.??"]
[EventType "team-tourn"]
[EventRounds "9"]
[EventCountry "CRO"]
[SourceTitle "EXT 2000"]
[Source "ChessBase"]
[SourceDate "1999.11.16"]
[SourceVersion "1"]
[SourceVersionDate "1999.11.16"]
[SourceQuality "1"]

1. d4 d5 2. Nf3 Nc6 3. g3 Bf5 4. Bg2 Nb4 5. Na3 e6 6. 0-0 Be7 7. c4 c6 8. Qb3 a5 9. Bd2 Nf6 10. c5 Nd7 11. Bxb4 axb4 12. Qxb4 b6 13. Qc3 0-0 14. cxb6 Qxb6 15. Nc2 h6 16. a3 c5 17. dxc5 Nxc5 18. Ncd4 Bh7 19. Rfc1 Ra6 20. b4 Ne4 21. Qb3 Bf6 22. e3 e5 23. Nc6 d4 24. Nfxe5 Nd2 25. Qd5 dxe3 26. Kh1 Bf5 27. fxe3 Qxe3 28. Re1 Rxa3 29. Rad1 Qf2 30. Qxd2 Qxd2 31. Rxd2 Bxe5 32. Nxe5 Re8 1-0

[Event "CRO-chT"]
[Site "Tucepi"]
[Date "1996.??.??"]
[Round "?"]
[White "Jukic, Mirko"]
[Black "Golubovic, Boris"]
[Result "1/2-1/2"]
[WhiteElo "2470"]
[BlackElo "2385"]
[PlyCount "74"]
[EventDate "1996.??.??"]
[EventType "team-tourn"]
[EventRounds "9"]
[EventCountry "CRO"]
[SourceTitle "EXT 1998"]
[Source "ChessBase"]
[SourceDate "1997.11.17"]
[SourceVersion "1"]
[SourceVersionDate "1997.11.17"]
[SourceQuality "1"]

1. c4 c6 2. e4 d5 3. exd5 cxd5 4. d4 Nf6 5. Nc3 Nc6 6. Nf3 Bg4 7. cxd5 Nxd5 8. Qb3 Bxf3 9. gxf3 e6 10. Qxb7 Nxd4 11. Bb5+ Nxb5 12. Qc6+ Ke7 13. Qxb5 Qd7 14. Nxd5+ Qxd5 15. Bg5+ f6 16. Qxd5 exd5 17. Be3 Ke6 18. 0-0-0 Bb4 19. a3 Rac8+ 20. Kb1 Bc5 21. Rhe1 Bxe3 22. Rxe3+ Kd6 23. Rde1 Rcd8 24. Re7 Rd7 25. R1e6+ Kc7 26. Rxd7+ Kxd7 27. Ra6 Ra8 28. b4 h5 29. b5 Kc8 30. Kc2 Kb7 31. Rd6 Re8 32. Kd2 Re5 33. a4 h4 34. Kd3 Rf5 35. Rd7+ Kb6 36. Rd6+ Kb7 37. Rd7+ Kb6 1/2-1/2

[Event "CRO-chT"]
[Site "Tucepi"]
[Date "1996.??.??"]
[Round "?"]
[White "Jukic, Mirko"]
[Black "Muse, Mladen"]
[Result "1/2-1/2"]
[WhiteElo "2470"]
[BlackElo "2420"]
[PlyCount "23"]
[EventDate "1996.??.??"]
[EventType "team-tourn"]
[EventRounds "9"]
[EventCountry "CRO"]
[SourceTitle "EXT 1998"]
[Source "ChessBase"]
[SourceDate "1997.11.17"]
[SourceVersion "1"]
[SourceVersionDate "1997.11.17"]
[SourceQuality "1"]

1. Nf3 Nf6 2. c4 g6 3. g3 Bg7 4. Bg2 0-0 5. 0-0 d6 6. d4 Nbd7 7. Nc3 e5 8. e4 exd4 9. Nxd4 Re8 10. h3 a6 11. Re1 Rb8 12. Rb1 1/2-1/2

[Event "CRO-chT"]
[Site "Tucepi"]
[Date "1996.??.??"]
[Round "?"]
[White "Jukic, Mirko"]
[Black "Pinter, Jozsef"]
[Result "1/2-1/2"]
[WhiteElo "2470"]
[BlackElo "2560"]
[PlyCount "61"]
[EventDate "1996.??.??"]
[EventType "team-tourn"]
[EventRounds "9"]
[EventCountry "CRO"]
[SourceTitle "EXT 1998"]
[Source "ChessBase"]
[SourceDate "1997.11.17"]
[SourceVersion "1"]
[SourceVersionDate "1997.11.17"]
[SourceQuality "1"]

1. c4 Nf6 2. Nf3 c5 3. Nc3 Nc6 4. g3 d5 5. d4 Bg4 6. Ne5 cxd4 7. Nxc6 bxc6 8. Qxd4 Qb6 9. Be3 Qxd4 10. Bxd4 dxc4 11. Bg2 Nd5 12. Rc1 e6 13. h3 Bh5 14. Nxd5 cxd5 15. Rxc4 dxc4 16. Bxa8 Bb4+ 17. Kf1 Ke7 18. Be4 Rd8 19. Bxg7 Rd2 20. g4 Bg6 21. Bxg6 fxg6 22. h4 Kf7 23. Be5 Rd5 24. f4 Bd6 25. Bxd6 Rxd6 26. Rh3 Rd4 27. Rf3 e5 28. fxe5+ Ke6 29. h5 Rxg4 30. hxg6 Rxg6 31. Rf4 1/2-1/2

[Event "CRO-chT"]
[Site "Tucepi"]
[Date "1996.??.??"]
[Round "?"]
[White "Jurkovic, Hrvoje"]
[Black "Jukic, Mirko"]
[Result "1-0"]
[WhiteElo "2390"]
[BlackElo "2470"]
[PlyCount "107"]
[EventDate "1996.??.??"]
[EventType "team-tourn"]
[EventRounds "9"]
[EventCountry "CRO"]
[SourceTitle "EXT 1998"]
[Source "ChessBase"]
[SourceDate "1997.11.17"]
[SourceVersion "1"]
[SourceVersionDate "1997.11.17"]
[SourceQuality "1"]

1. e4 c5 2. Nc3 Nc6 3. g3 g6 4. Bg2 Bg7 5. d3 d6 6. Be3 e5 7. Qd2 Nge7 8. Nge2 Nd4 9. 0-0 0-0 10. f4 Nxe2+ 11. Qxe2 exf4 12. Bxf4 Be6 13. Qd2 d5 14. Bh6 d4 15. Ne2 Nc6 16. Bxg7 Kxg7 17. Nf4 Qe7 18. Nd5 Bxd5 19. exd5 Ne5 20. Rae1 Rae8 21. c3 f6 22. cxd4 cxd4 23. Qa5 Ra8 24. Re4 Qd6 25. Qb5 Rf7 26. Rxd4 Rc8 27. Rdf4 f5 28. R4f2 Re7 29. d4 Ng4 30. Re2 Rxe2 31. Qxe2 Qb4 32. Rd1 Kf8 33. a3 Qb3 34. Re1 Qb6 35. Qe7+ Kg8 36. Qe6+ Kg7 37. Qxb6 axb6 38. h3 Nf6 39. Re7+ Kf8 40. Rxb7 Rc1+ 41. Kh2 Rc2 42. Rxb6 Nxd5 43. Rb3 f4 44. Kg1 Rc1+ 45. Kf2 Rc2+ 46. Kf3 Ne3 47. Bh1 Nd1 48. Kxf4 Nxb2 49. Be4 Rd2 50. Ke5 Re2 51. Kf6 Ke8 52. Bf3 Rd2 53. Ke6 Kd8 54. Bd5 1-0

[Event "CRO-chT"]
[Site "Tucepi"]
[Date "1996.??.??"]
[Round "?"]
[White "Kozul, Zdenko"]
[Black "Jukic, Mirko"]
[Result "1/2-1/2"]
[WhiteElo "2580"]
[BlackElo "2470"]
[PlyCount "66"]
[EventDate "1996.??.??"]
[EventType "team-tourn"]
[EventRounds "9"]
[EventCountry "CRO"]
[SourceTitle "EXT 1998"]
[Source "ChessBase"]
[SourceDate "1997.11.17"]
[SourceVersion "1"]
[SourceVersionDate "1997.11.17"]
[SourceQuality "1"]

1. d4 Nf6 2. c4 e6 3. Nf3 b6 4. a3 Bb7 5. Nc3 d5 6. cxd5 Nxd5 7. e3 Be7 8. Bb5+ c6 9. Bd3 Nxc3 10. bxc3 c5 11. 0-0 0-0 12. Bb2 cxd4 13. cxd4 Nc6 14. Qc2 g6 15. Be4 Rc8 16. Qe2 Rc7 17. Rac1 Bf6 18. Rc2 Qd6 19. Rfc1 Rfc8 20. h4 Na5 21. Bxb7 Nxb7 22. Ng5 Bg7 23. h5 Qe7 24. Rxc7 Rxc7 25. Rxc7 Qxc7 26. d5 Qd8 27. Bxg7 Qxg5 28. Ba1 Qxd5 29. hxg6 hxg6 30. Qb2 Qd1+ 31. Kh2 Qh5+ 32. Kg1 Qd1+ 33. Kh2 Qh5+ 1/2-1/2

[Event "CRO-chT"]
[Site "Tucepi"]
[Date "1996.??.??"]
[Round "?"]
[White "Palac, Mladen"]
[Black "Jukic, Mirko"]
[Result "1-0"]
[WhiteElo "2545"]
[BlackElo "2470"]
[PlyCount "55"]
[EventDate "1996.??.??"]
[EventType "team-tourn"]
[EventRounds "9"]
[EventCountry "CRO"]
[SourceTitle "EXT 1998"]
[Source "ChessBase"]
[SourceDate "1997.11.17"]
[SourceVersion "1"]
[SourceVersionDate "1997.11.17"]
[SourceQuality "1"]

1. e4 c5 2. Nf3 d6 3. d4 cxd4 4. Nxd4 Nf6 5. Nc3 a6 6. Be2 e6 7. 0-0 Be7 8. f4 Qc7 9. Kh1 0-0 10. a4 Nc6 11. Be3 Rd8 12. Qe1 Nxd4 13. Bxd4 e5 14. Bg1 Be6 15. a5 Qc6 16. Bb6 Rdc8 17. Bd3 exf4 18. Rxf4 Re8 19. Bd4 Nd7 20. Nd5 Bf8 21. Qg3 g6 22. Qg5 Bxd5 23. exd5 Qc8 24. Rxf7 Qd8 25. Qf4 Re7 26. Rf1 Qe8 27. Bxg6 hxg6 28. Qh4 1-0

[Event "CRO-chT"]
[Site "Makarska Tucepi"]
[Date "1995.??.??"]
[Round "?"]
[White "Jukic, Mirko"]
[Black "Hulak, Krunoslav"]
[Result "1/2-1/2"]
[WhiteElo "2475"]
[BlackElo "2555"]
[PlyCount "23"]
[EventDate "1995.??.??"]
[EventType "team-tourn"]
[EventRounds "8"]
[EventCountry "CRO"]
[SourceTitle "EXT 1997"]
[Source "ChessBase"]
[SourceDate "1996.11.15"]
[SourceVersion "1"]
[SourceVersionDate "1996.11.15"]
[SourceQuality "1"]

1. Nf3 Nf6 2. c4 g6 3. g3 Bg7 4. Bg2 c6 5. 0-0 d5 6. cxd5 cxd5 7. d4 0-0 8. Nc3 e6 9. Bf4 Nc6 10. Ne5 Bd7 11. Nxc6 Bxc6 12. Be5 1/2-1/2

[Event "CRO-Cup"]
[Site "Pula"]
[Date "1995.??.??"]
[Round "1"]
[White "Jukic, Mirko"]
[Black "Orak, Ljubomir"]
[Result "1/2-1/2"]
[WhiteElo "2480"]
[BlackElo "2285"]
[PlyCount "72"]
[EventDate "1995.??.??"]
[EventType "team-tourn"]
[EventRounds "5"]
[EventCountry "CRO"]
[SourceTitle "EXT 1997"]
[Source "ChessBase"]
[SourceDate "1996.11.15"]
[SourceVersion "1"]
[SourceVersionDate "1996.11.15"]
[SourceQuality "1"]

1. d4 Nf6 2. Nf3 g6 3. c4 Bg7 4. g3 0-0 5. Bg2 d6 6. 0-0 Nbd7 7. Nc3 e5 8. e4 exd4 9. Nxd4 Re8 10. h3 Nc5 11. Re1 a5 12. Qc2 a4 13. Be3 Nfd7 14. Ndb5 Nb6 15. Rad1 Bd7 16. b3 axb3 17. axb3 Qc8 18. b4 Nca4 19. c5 dxc5 20. bxc5 Nxc3 21. Nxc3 Na4 22. Nd5 c6 23. Nf4 Nc3 24. Rd3 Nb5 25. Red1 Be6 26. Nxe6 Qxe6 27. Qb3 Qf6 28. Rd7 Re7 29. Rd8+ Re8 30. Rxa8 Rxa8 31. Rd7 h5 32. h4 Ra3 33. Qc4 Rc3 34. Qe2 Qe6 35. Rxb7 Nd4 36. Qd2 Qc4 1/2-1/2

[Event "CRO-Cup"]
[Site "Pula"]
[Date "1994.??.??"]
[Round "3"]
[White "Jukic, Mirko"]
[Black "Kozul, Zdenko"]
[Result "1/2-1/2"]
[WhiteElo "2485"]
[BlackElo "2575"]
[PlyCount "58"]
[EventDate "1994.??.??"]
[EventType "swiss"]
[EventRounds "5"]
[EventCountry "CRO"]
[SourceTitle "EXT 1997"]
[Source "ChessBase"]
[SourceDate "1996.11.15"]
[SourceVersion "1"]
[SourceVersionDate "1996.11.15"]
[SourceQuality "1"]

1. Nf3 Nf6 2. c4 g6 3. d4 Bg7 4. g3 d5 5. cxd5 Nxd5 6. Bg2 Nb6 7. Nc3 Nc6 8. e3 0-0 9. 0-0 Re8 10. d5 Na5 11. Nd4 Bd7 12. Nb3 Nxb3 13. axb3 c6 14. e4 cxd5 15. exd5 Nc8 16. Be3 Nd6 17. Bd4 Bxd4 18. Qxd4 Qb6 19. Qd1 a5 20. Re1 Qb4 21. h3 b5 22. Ne4 Bf5 23. Nd2 a4 24. bxa4 Qxb2 25. Nf3 bxa4 26. Rxa4 Bc2 27. Qd4 Qxd4 28. Rxd4 Kf8 29. Ne5 Ba4 1/2-1/2

[Event "CRO-chT"]
[Site "Makarska"]
[Date "1994.??.??"]
[Round "4"]
[White "Jukic, Mirko"]
[Black "Kozul, Zdenko"]
[Result "1/2-1/2"]
[WhiteElo "2485"]
[BlackElo "2575"]
[PlyCount "26"]
[EventDate "1994.??.??"]
[EventType "team-tourn"]
[EventRounds "9"]
[EventCountry "CRO"]
[SourceTitle "EXT 1997"]
[Source "ChessBase"]
[SourceDate "1996.11.15"]
[SourceVersion "1"]
[SourceVersionDate "1996.11.15"]
[SourceQuality "1"]

1. d4 Nf6 2. Nf3 g6 3. c4 Bg7 4. g3 d5 5. cxd5 Nxd5 6. Bg2 Nb6 7. 0-0 Nc6 8. e3 0-0 9. Nc3 Re8 10. d5 Na5 11. Nd4 Bd7 12. Nb3 Nxb3 13. Qxb3 c6 1/2-1/2

[Event "CRO-Cup"]
[Site "Pula"]
[Date "1994.??.??"]
[Round "2"]
[White "Jukic, Mirko"]
[Black "Marangunic, Srdjan"]
[Result "1/2-1/2"]
[WhiteElo "2485"]
[BlackElo "2445"]
[PlyCount "69"]
[EventDate "1994.??.??"]
[EventType "swiss"]
[EventRounds "5"]
[EventCountry "CRO"]
[SourceTitle "EXT 1997"]
[Source "ChessBase"]
[SourceDate "1996.11.15"]
[SourceVersion "1"]
[SourceVersionDate "1996.11.15"]
[SourceQuality "1"]

1. Nf3 d6 2. d4 Bg4 3. c4 Nd7 4. e4 e6 5. Nc3 Be7 6. Be2 Bh5 7. 0-0 Bg6 8. Be3 Ngf6 9. Nd2 e5 10. a3 0-0 11. b4 Ne8 12. dxe5 dxe5 13. c5 Bg5 14. Nc4 Bxe3 15. Nxe3 Nef6 16. f3 Re8 17. Nc4 Qb8 18. Nd5 Nf8 19. Nxf6+ gxf6 20. Ne3 Ne6 21. Bc4 Kg7 22. Bxe6 fxe6 23. Qd7+ Bf7 24. Ng4 Qd8 25. Rad1 h5 26. Nh6 Qe7 27. Nxf7 Qxf7 28. c6 bxc6 29. Qxc6 Rad8 30. Qc5 a6 31. Rxd8 Rxd8 32. Rc1 Kh6 33. h4 Rd3 34. Qa7 Rxa3 35. Rxc7 1/2-1/2

[Event "CRO-chT"]
[Site "Makarska"]
[Date "1994.??.??"]
[Round "3"]
[White "Marangunic, Srdjan"]
[Black "Jukic, Mirko"]
[Result "1/2-1/2"]
[WhiteElo "2460"]
[BlackElo "2485"]
[PlyCount "27"]
[EventDate "1994.??.??"]
[EventType "team-tourn"]
[EventRounds "9"]
[EventCountry "CRO"]
[SourceTitle "EXT 1997"]
[Source "ChessBase"]
[SourceDate "1996.11.15"]
[SourceVersion "1"]
[SourceVersionDate "1996.11.15"]
[SourceQuality "1"]

1. c4 c5 2. Nc3 Nf6 3. Nf3 b6 4. g3 Bb7 5. Bg2 g6 6. 0-0 Bg7 7. b3 0-0 8. Bb2 d6 9. e3 Nbd7 10. Qc2 e6 11. d4 a6 12. Rad1 Qc7 13. dxc5 dxc5 14. a4 1/2-1/2

[Event "CRO-chT"]
[Site "Makarska"]
[Date "1994.??.??"]
[Round "1"]
[White "Mohr, Georg"]
[Black "Jukic, Mirko"]
[Result "1/2-1/2"]
[WhiteElo "2420"]
[BlackElo "2485"]
[PlyCount "21"]
[EventDate "1994.??.??"]
[EventType "team-tourn"]
[EventRounds "9"]
[EventCountry "CRO"]
[SourceTitle "EXT 1997"]
[Source "ChessBase"]
[SourceDate "1996.11.15"]
[SourceVersion "1"]
[SourceVersionDate "1996.11.15"]
[SourceQuality "1"]

1. d4 Nf6 2. Nf3 e6 3. g3 d5 4. Bg2 Be7 5. 0-0 0-0 6. c4 dxc4 7. Qc2 a6 8. Qxc4 b5 9. Qc2 Bb7 10. Bf4 Bd6 11. Nbd2 1/2-1/2

[Event "Solin 1st"]
[Site "Solin"]
[Date "1993.??.??"]
[Round "?"]
[White "Cvorovic, Drazen"]
[Black "Jukic, Mirko"]
[Result "0-1"]
[WhiteElo "2395"]
[BlackElo "2480"]
[PlyCount "140"]
[EventDate "1993.??.??"]
[EventType "tourn"]
[EventRounds "11"]
[EventCountry "CRO"]
[EventCategory "8"]
[SourceTitle "EXT 2002"]
[Source "ChessBase"]
[SourceDate "2001.11.25"]
[SourceVersion "1"]
[SourceVersionDate "2001.11.25"]
[SourceQuality "1"]

1. e4 c5 2. Nf3 e6 3. Nc3 Nc6 4. Bb5 Nd4 5. 0-0 Ne7 6. Re1 Ng6 7. Bf1 Nxf3+ 8. Qxf3 Be7 9. Qh5 0-0 10. d3 f5 11. g3 f4 12. Bh3 d6 13. Kh1 Bf6 14. Ne2 Be5 15. f3 Qf6 16. c3 fxg3 17. Rf1 g2+ 18. Bxg2 Nf4 19. Bxf4 Bxf4 20. d4 cxd4 21. cxd4 e5 22. Nxf4 Qxf4 23. h4 Be6 24. Qg5 Qxg5 25. hxg5 Rac8 26. d5 Bd7 27. Rf2 Kf7 28. Rg1 Kg6 29. Kh2 Rf4 30. Bf1 Rh4+ 31. Kg3 Rh5 32. Bg2 Rxg5+ 33. Kh2 Kf6 34. Rgf1 Ke7 35. Re1 Rf8 36. Rc1 Kd8 37. Rc3 Rf6 38. Kg1 Rfg6 39. f4 exf4 40. Kf1 Rg3 41. Rxg3 fxg3 42. Rf8+ Be8 43. Rh8 Rf6+ 44. Kg1 h6 45. Bh3 Ke7 46. Kg2 Rf8 47. Rxf8 Kxf8 48. e5 dxe5 49. d6 Bc6+ 50. Kxg3 Ke8 51. Be6 Bd7 52. Bd5 Bf5 53. Bxb7 Kd7 54. b4 Kxd6 55. a4 Bc2 56. a5 Bd3 57. Kf3 g5 58. Ke3 e4 59. Ba8 h5 60. Bb7 h4 61. Bc8 Kc6 62. Kd4 Kb5 63. Kc3 Ka4 64. Bf5 a6 65. Bc8 Bf1 66. Bf5 h3 67. Bd7+ Ka3 68. Bc6 Bd3 69. b5 axb5 70. a6 b4+ 0-1

[Event "Solin 1st"]
[Site "Solin"]
[Date "1993.??.??"]
[Round "?"]
[White "Jukic, Mirko"]
[Black "Mestrovic, Zvonimir"]
[Result "1/2-1/2"]
[WhiteElo "2480"]
[BlackElo "2415"]
[PlyCount "33"]
[EventDate "1993.??.??"]
[EventType "tourn"]
[EventRounds "11"]
[EventCountry "CRO"]
[EventCategory "8"]
[SourceTitle "EXT 2002"]
[Source "ChessBase"]
[SourceDate "2001.11.25"]
[SourceVersion "1"]
[SourceVersionDate "2001.11.25"]
[SourceQuality "1"]

1. d4 Nc6 2. Nf3 d6 3. e4 Nf6 4. Nc3 Bg4 5. d5 Nb8 6. h3 Bxf3 7. Qxf3 g6 8. g4 Bg7 9. g5 Nh5 10. Bd2 0-0 11. h4 c6 12. 0-0-0 b5 13. Ne2 cxd5 14. exd5 Nd7 15. Kb1 Ne5 16. Qe4 f5 17. gxf6 1/2-1/2

[Event "Solin 1st"]
[Site "Solin"]
[Date "1993.??.??"]
[Round "?"]
[White "Kovacevic, Vlatko"]
[Black "Jukic, Mirko"]
[Result "1/2-1/2"]
[WhiteElo "2485"]
[BlackElo "2480"]
[PlyCount "37"]
[EventDate "1993.??.??"]
[EventType "tourn"]
[EventRounds "11"]
[EventCountry "CRO"]
[EventCategory "8"]
[SourceTitle "EXT 2002"]
[Source "ChessBase"]
[SourceDate "2001.11.25"]
[SourceVersion "1"]
[SourceVersionDate "2001.11.25"]
[SourceQuality "1"]

1. c4 c5 2. g3 Nf6 3. Bg2 d5 4. Nf3 Nc6 5. 0-0 d4 6. e3 e5 7. exd4 exd4 8. Re1+ Be7 9. Ne5 Nxe5 10. Rxe5 0-0 11. d3 Bd6 12. Re1 Bg4 13. Qb3 Re8 14. Bd2 Rxe1+ 15. Bxe1 Qe7 16. Nd2 Bf5 17. a4 Rb8 18. a5 h6 19. Rd1 1/2-1/2

[Event "Katowice op"]
[Site "Katowice"]
[Date "1992.??.??"]
[Round "5"]
[White "Jukic, Mirko"]
[Black "Gizynski, Tomasz"]
[Result "1/2-1/2"]
[WhiteElo "2455"]
[BlackElo "2310"]
[PlyCount "90"]
[EventDate "1992.01.28"]
[EventType "swiss"]
[EventRounds "9"]
[EventCountry "POL"]
[SourceTitle "TD"]
[Source "ChessBase"]
[SourceDate "1994.03.01"]
[SourceVersion "1"]
[SourceVersionDate "1994.03.01"]
[SourceQuality "1"]

1. d4 e6 2. c4 Nf6 3. Nf3 b6 4. g3 Bb7 5. Bg2 Be7 6. Nc3 Ne4 7. Bd2 Bf6 8. 0-0 0-0 9. Rc1 d6 10. d5 Nxd2 11. Qxd2 e5 12. e4 g6 13. h4 Nd7 14. h5 Be7 15. Bh3 Nf6 16. hxg6 hxg6 17. Qh6 Nh7 18. Kg2 Bg5 19. Nxg5 Qxg5 20. Qxg5 Nxg5 21. Bd7 Rad8 22. Ba4 Bc8 23. Rh1 Bg4 24. Bd1 Bxd1 25. Rcxd1 f5 26. exf5 Rxf5 27. Rhf1 Rdf8 28. Nb5 R5f7 29. Nxa7 Ra8 30. Nb5 Rxa2 31. Rd2 Ne4 32. Re2 Nc5 33. Nc3 Ra8 34. b4 Nd3 35. Rb1 Ra3 36. Ne4 Ra4 37. c5 dxc5 38. bxc5 Nxc5 39. Nxc5 bxc5 40. Rc1 c4 41. Rcc2 Re7 42. Re4 Ra5 43. Rexc4 Rxd5 44. Rxc7 Kf7 45. Rxe7+ Kxe7 1/2-1/2

[Event "Geneve op"]
[Site "Geneve"]
[Date "1992.??.??"]
[Round "7"]
[White "Jukic, Mirko"]
[Black "Klovans, Janis"]
[Result "1/2-1/2"]
[WhiteElo "2455"]
[BlackElo "2410"]
[PlyCount "31"]
[EventDate "1992.??.??"]
[EventType "swiss"]
[EventRounds "9"]
[EventCountry "SUI"]
[SourceTitle "TD"]
[Source "ChessBase"]
[SourceDate "1994.03.01"]
[SourceVersion "1"]
[SourceVersionDate "1994.03.01"]
[SourceQuality "1"]

1. d4 Nf6 2. Nf3 e6 3. c4 d5 4. Nc3 Be7 5. Bg5 h6 6. Bh4 0-0 7. e3 b6 8. Be2 Bb7 9. Bxf6 Bxf6 10. cxd5 exd5 11. 0-0 Nd7 12. Qb3 c6 13. Rac1 Be7 14. Rfd1 Bd6 15. Bf1 Nf6 16. g3 1/2-1/2

[Event "Katowice op"]
[Site "Katowice"]
[Date "1992.??.??"]
[Round "7"]
[White "Jukic, Mirko"]
[Black "Kopjonkin, Gennady"]
[Result "1/2-1/2"]
[WhiteElo "2455"]
[BlackElo "2300"]
[PlyCount "31"]
[EventDate "1992.01.28"]
[EventType "swiss"]
[EventRounds "9"]
[EventCountry "POL"]
[SourceTitle "TD"]
[Source "ChessBase"]
[SourceDate "1994.03.01"]
[SourceVersion "1"]
[SourceVersionDate "1994.03.01"]
[SourceQuality "1"]

1. d4 Nf6 2. Nf3 c5 3. d5 e6 4. c4 exd5 5. cxd5 d6 6. Nc3 g6 7. g3 Bg7 8. Bg2 0-0 9. 0-0 Re8 10. a4 a6 11. Bf4 Qe7 12. h3 Nbd7 13. e4 Nh5 14. Bg5 Qf8 15. g4 Kh8 16. Re1 1/2-1/2

[Event "CRO-chT"]
[Site "Pula"]
[Date "1992.??.??"]
[Round "4"]
[White "Jukic, Mirko"]
[Black "Kovacevic, Veljko"]
[Result "1/2-1/2"]
[WhiteElo "2455"]
[BlackElo "2305"]
[PlyCount "41"]
[EventDate "1992.??.??"]
[EventType "team-tourn"]
[EventRounds "9"]
[EventCountry "CRO"]
[SourceTitle "EXT 2002"]
[Source "ChessBase"]
[SourceDate "2001.11.25"]
[SourceVersion "1"]
[SourceVersionDate "2001.11.25"]
[SourceQuality "1"]

1. d4 e6 2. c4 Nf6 3. Nf3 b6 4. g3 Bb7 5. Bg2 Be7 6. Nc3 d5 7. cxd5 exd5 8. 0-0 0-0 9. Qc2 Na6 10. Rd1 c5 11. Bg5 Nb4 12. Qf5 g6 13. Qf4 Nh5 14. Bxe7 Qxe7 15. Qh6 Rad8 16. a3 Na6 17. Rd3 Nc7 18. Ng5 f6 19. Re3 Qg7 20. Qxg7+ Nxg7 21. Nf3 1/2-1/2

[Event "Split op"]
[Site "Split"]
[Date "1992.??.??"]
[Round "?"]
[White "Jukic, Mirko"]
[Black "Loncar, Robert"]
[Result "1-0"]
[WhiteElo "2455"]
[BlackElo "2265"]
[PlyCount "93"]
[EventDate "1992.??.??"]
[EventType "swiss"]
[EventRounds "9"]
[EventCountry "CRO"]
[SourceTitle "EXT 2004"]
[Source "ChessBase"]
[SourceDate "2003.11.25"]
[SourceVersion "1"]
[SourceVersionDate "2003.11.25"]
[SourceQuality "1"]

1. d4 Nf6 2. Nf3 g6 3. c4 Bg7 4. g3 d6 5. Bg2 0-0 6. 0-0 c6 7. Nc3 Qa5 8. e4 Bg4 9. Qb3 Qb6 10. Qxb6 axb6 11. Be3 Na6 12. Rfd1 Nc7 13. h3 Bxf3 14. Bxf3 Nd7 15. Bg4 Rfd8 16. h4 Ra5 17. Rac1 c5 18. b3 Nb8 19. e5 Nc6 20. exd6 exd6 21. dxc5 bxc5 22. Bg5 f6 23. Be3 f5 24. Bf3 Bxc3 25. Rxc3 Rxa2 26. Bxc6 bxc6 27. Bxc5 Ne8 28. Rcd3 Rb2 29. Ba3 Re2 30. Bxd6 Nf6 31. Kf1 Rde8 32. Bc5 f4 33. gxf4 Nh5 34. Re3 R8xe3 35. Bxe3 Ng3+ 36. fxg3 Rxe3 37. Kf2 Rxb3 38. Rd6 Rb6 39. c5 Ra6 40. g4 Kf7 41. Kf3 Kg7 42. g5 Kf7 43. Kg4 Ke7 44. h5 gxh5+ 45. Kxh5 Kf7 46. Kg4 Ke7 47. Kf5 1-0

[Event "Katowice op"]
[Site "Katowice"]
[Date "1992.??.??"]
[Round "9"]
[White "Jukic, Mirko"]
[Black "Mitenkov, Alexey"]
[Result "1/2-1/2"]
[WhiteElo "2455"]
[BlackElo "2390"]
[PlyCount "125"]
[EventDate "1992.01.28"]
[EventType "swiss"]
[EventRounds "9"]
[EventCountry "POL"]
[SourceTitle "TD"]
[Source "ChessBase"]
[SourceDate "1994.03.01"]
[SourceVersion "1"]
[SourceVersionDate "1994.03.01"]
[SourceQuality "1"]

1. d4 Nf6 2. Nf3 e6 3. c4 b6 4. g3 Ba6 5. Qa4 Bb7 6. Bg2 c5 7. 0-0 cxd4 8. Nxd4 Bxg2 9. Kxg2 Qc8 10. Rd1 Qb7+ 11. f3 a6 12. Nc3 Be7 13. Bg5 h6 14. Bxf6 Bxf6 15. Qb3 Nc6 16. Ne4 Be7 17. c5 0-0 18. Nxc6 Qxc6 19. Qxb6 Qxb6 20. cxb6 d5 21. Nc3 Rfb8 22. Na4 Bd8 23. e4 dxe4 24. Rd6 exf3+ 25. Kxf3 Kf8 26. Rad1 Ke8 27. Rc6 a5 28. Ke4 Be7 29. Rc7 Bd8 30. Rc6 Be7 31. Rd3 Rb7 32. Rc7 Rxc7 33. bxc7 Rc8 34. Rc3 Bd6 35. Rc6 Kd7 36. Ra6 Bxc7 37. Nc5+ Ke7 38. Rc6 Kd8 39. Kd3 Rb8 40. Na6 Rb7 41. Nxc7 Rxc7 42. Ra6 Rc5 43. Ra7 Ke8 44. b3 e5 45. g4 g6 46. h4 Kf8 47. Ke4 Rb5 48. Ra8+ Ke7 49. Ra7+ Kf6 50. Ra6+ Kg7 51. Ra7 Rc5 52. a4 Rc3 53. Rxa5 Rxb3 54. Rxe5 Rb4+ 55. Kf3 Rxa4 56. Rb5 Ra3+ 57. Kg2 Re3 58. Ra5 Kf6 59. Rb5 Ke6 60. Ra5 Rd3 61. Ra7 g5 62. hxg5 hxg5 63. Ra2 1/2-1/2

[Event "Geneve op"]
[Site "Geneve"]
[Date "1992.??.??"]
[Round "3"]
[White "Jukic, Mirko"]
[Black "Shabalov, Alexander"]
[Result "0-1"]
[WhiteElo "2455"]
[BlackElo "2535"]
[PlyCount "61"]
[EventDate "1992.??.??"]
[EventType "swiss"]
[EventRounds "9"]
[EventCountry "SUI"]
[SourceTitle "TD"]
[Source "ChessBase"]
[SourceDate "1994.03.01"]
[SourceVersion "1"]
[SourceVersionDate "1994.03.01"]
[SourceQuality "1"]

1. d4 Nf6 2. Nf3 e6 3. c4 c5 4. d5 exd5 5. cxd5 g6 6. Nc3 d6 7. g3 Bg7 8. Bg2 0-0 9. 0-0 Re8 10. a4 Ne4 11. Nxe4 Rxe4 12. Bg5 Qf8 13. Nd2 Rb4 14. Ra2 h6 15. Be3 Nd7 16. Qc1 b6 17. Ne4 Ba6 18. Nc3 Re8 19. Nb5 Ne5 20. Bd2 Bxb5 21. axb5 Rxb5 22. Qc2 Re7 23. Rb1 Qe8 24. Qa4 a5 25. h3 f5 26. Bf1 c4 27. f4 Rxd5 28. Qxe8+ Rxe8 29. b3 cxb3 30. Rxb3 Nc4 31. Bc3 0-1